NBA All Star Game 2000's - Statistics

General Stats
  • This quiz has been taken 165 times
    147 since last reset
  • The average score is 44 of 82
Answer Stats
Answer % Correct
10 Kobe Bryant
96%
5 LeBron James
95%
9 Shaquille O'Neal
94%
10 Tim Duncan
91%
8 Dirk Nowitzki
88%
10 Kevin Garnett
87%
3 Tony Parker
85%
8 Ray Allen
84%
5 Dwyane Wade
83%
10 Allen Iverson
82%
6 Steve Nash
82%
7 Jason Kidd
81%
1 Manu Ginobili
81%
3 Dwight Howard
79%
1 Josh Howard
79%
2 Michael Jordan
79%
7 Paul Pierce
79%
7 Tracy McGrady
79%
8 Vince Carter
79%
6 Jermaine O'Neal
78%
2 Carmelo Anthony
75%
4 Chris Bosh
75%
2 Karl Malone
74%
2 Pau Gasol
74%
4 Ben Wallace
73%
3 Rasheed Wallace
73%
2 Brad Miller
71%
1 Reggie Miller
71%
7 Yao Ming
71%
2 Chris Paul
70%
4 Chauncey Billups
69%
2 David Robinson
67%
2 Glenn Robinson
67%
4 Chris Webber
66%
4 Gary Payton
66%
4 Amar'e Stoudemire
65%
1 Maurice Williams
65%
3 Joe Johnson
62%
3 Grant Hill
58%
1 John Stockton
58%
3 Alonzo Mourning
56%
1 Antonio Davis
55%
2 Baron Davis
55%
1 Dale Davis
55%
4 Shawn Marion
55%
3 Richard Hamilton
53%
3 Dikembe Mutombo
52%
3 Pedrag Stojakovic
50%
3 Gilbert Arenas
49%
1 Vlade Divac
49%
1 Ron Artest
47%
2 David West
42%
1 Sam Cassell
41%
2 Antone Walker
39%
1 Eddie Jones
39%
2 Carlos Boozer
38%
2 Elton Brand
36%
2 Stephon Marbury
35%
3 Steve Francis
35%
2 Zydrunas Ilgauskas
33%
2 Brandon Roy
31%
1 Latrell Sprewell
31%
2 Rashard Lewis
31%
2 Antawn Jamison
25%
2 Jerry Stackhouse
25%
1 Michael Redd
25%
1 Andreï Kirilenko
24%
1 Kenyon Martin
24%
1 Danny Granger
23%
1 Jamal Mashburn
22%
2 Michael Finley
22%
1 Jameer Nelson
21%
2 Allan Houston
20%
2 Caron Butler
19%
1 Shareef Abdur-Rahim
17%
1 Anthony Mason
16%
1 Antonio McDyess
16%
1 Mehmet Okur
15%
1 Devin Harris
13%
1 Jamaal Magloire
13%
1 Wally Szczerbiak
12%
1 Theo Ratliff
9%
No matching quizzes found
Score Distribution
Percent of People with Each Score
Percentile by Number Answered
Your Score History
You have not taken this quiz since the last reset